Panamá: la coyuntura electoral de mayo-junio de 1984. Notas sobre su significado, sus antecedentes y sus perspectivas
Guardat en:
| Autor principal: | |
|---|---|
| Autor corporatiu: | |
| Format: | Text |
| Publicat: |
Panamá:
CELA
|
| Etiquetes: |
Afegir etiqueta
Sense etiquetes, Sigues el primer a etiquetar aquest registre!
|
MARC
| LEADER | 00000 a a2200000 04500 | ||
|---|---|---|---|
| 001 | 21242 | ||
| 003 | |||
| 040 | |||
| 090 | |a 092700 | ||
| 100 | |a Castro Herrera, Guillermo | ||
| 110 | |a CELA | ||
| 245 | |a Panamá: la coyuntura electoral de mayo-junio de 1984. Notas sobre su significado, sus antecedentes y sus perspectivas | ||
| 260 | |a Panamá: |b CELA | ||
| 300 | |a 16 p. | ||
| 999 | |c 12126 |d 12126 | ||
